Quizzes
Events
Quiz Creation
Community
Videos
Private Events
Remove Ads
Sign In
Join for FREE
Feedback
Dark Mode
Quiz Categories
Sports
Geography
Music
Movies
Television
Just For Fun
Miscellaneous
History
Literature
Language
Science
Gaming
Entertainment
Religion
Holiday
For Kids
Quiz Lab
Recent
Popular Today
Quiz Kudos Today
Editor Picks
Curator Picks
Quizzes by...
Day
Popularity
Type
Ratings
Length
Year
Community
Subscriptions
Recent Discussions
Orange Saloon
Badges
Playlists
Quests
Create
Leaderboards
Showdown
Live 5
Trivia Bingo
Activity
Puzzle Library
Sporcle Events
Private Events
Virtual Trivia
Globe League
Become a Host
Pub Owners
SporcleCon
Opinionation
Our Games
Videos
Blog
Mobile Apps
Partnerships
Remove Ads and Go Orange
Feedback
Just For Fun
Clickable
Get the Picture
Humor
Quick Pick
Word Ladder
Missing Word
Mixed Word
Blitz
Minefield
This or That
Alphabet
Color
Typing
Sporcle
Puzzle
Word Play
Follow That Line
Logic
Just For Fun
Clickable
Get the Picture
Humor
Quick Pick
Word Ladder
Missing Word
Mixed Word
Blitz
Minefield
This or That
Alphabet
Color
Typing
Sporcle
Puzzle
Word Play
Follow That Line
Logic
Random Quiz
Search Sporcle
×
Quiz Lab
Quiz Lab
Just For Fun
University
Type in answers that appear in a list
Type in answers that appear in a list
Classic
Best Score? Go Orange.
Top UK Universities Stats
Can you name the member institutions of the Russell and 1994 groups?
By
FreddyJnr
8m
39 Questions
394 Plays
394 Plays
394 Plays
Comments
Comments
Give Quiz Kudos
Give Quiz Kudos
-
- Ratings
hide this ad
Replay
Link that replays current quiz
Next Quiz
Link to next quiz in quiz playlist
You Got
0%
They Got
Avg Score
71%
Avg Friend Score
Upgrade to see
Score Distribution
Jump to the score distribution portion of the page
Score
0/39
Timer
08:00
0
Plays Today
University
% Correct
University of Cambridge
97.7%
University of Oxford
97.2%
University of Manchester
95.4%
University College London
94.2%
University of Edinburgh
92.6%
University of Birmingham
90.9%
University of Bristol
90.4%
University of Liverpool
89.3%
University of Glasgow
88.6%
Durham
87.8%
Cardiff University
87.6%
University of Leeds
87.1%
Newcastle
85.3%
University of Southampton
85.3%
University of Exeter
85.3%
University of London, King's
84.5%
University of Nottingham
83.5%
University of London, Imperial
82.5%
University of Sheffield
81%
University of Warwick
80.7%
University
% Correct
London School of Economics
77.9%
University of York
75.9%
University of St Andrews
74.6%
Queen's University Belfast
73.4%
University of Bath
70.6%
University of East Anglia
69.5%
University of Leicester
67.8%
Lancaster
59.6%
University of Sussex
56.9%
Loughborough
55.8%
University of Reading
55.3%
University of London, Queen Mary
54.1%
University of Surrey
50%
University of Essex
44.4%
University of London, Royal Holloway
40.9%
School of Oriental and African Studies
36%
University of London Goldsmiths
22.1%
University of London, Birkbeck
14.2%
University of London, Institute of Education
4.6%
Quiz Playlist
Details
Report
Send in Message
Add To Playlist
Classic:
Type in answers that appear in a list
Last Updated: Feb 16, 2017
Quiz Scoreboard
CHALLENGE
Sign Up to Join the Scoreboard
Show All
Scores
Hide
Comments
May contain spoilers
Recently Published
Billboard Blitz: Fleetwood Mac
by CooCooCachoo
Music
15s
Presidents Visiting Landmarks
by Hejman
History
7m
An Introduction to Baseball
by treessimontrees
Sports
5m
More to Explore
Quiz From the Vault
Featured Blog Post
Where Did the Easter Bunny Come From?
hide this ad
You Might Also Like...
Tags
University Quiz
1994
group
institution
russell
Today's Top Quizzes in Just For Fun
Browse Just For Fun
hide this ad
Today's Top Quizzes in University
Browse University
Top Contributed Quizzes in Just For Fun
1
Killer Double Trees 224 - Colour Match-Up
2
Crossword Whiteout! 49
3
Spring Typing Challenge
4
Zeroing In: Just For Fun
5
Harry Potter Logic - 'In Chains' II
6
Kyle's 122nd Triple Trees
7
Word Ladder: Ahoy Matey
8
Survivor Winners Logic Puzzle
9
Word Ladder: Wilderness Weapon
10
Edinburgh Fringe jokes 2015
Explore More
Trending Topics
Kpop
Marvel
Crossword
NBA
Disney
Anime
Harry Potter
Song
Puzzle
NFL
Country
WWE
Pokémon
Soccer
The Office
hide this ad
More By:
FreddyJnr
Quiz
Plays
Rating
Category
Featured
Created
Hell's Kitchen USA Contestants
675
5.00
Entertainment
Sep 14, 2011
Top UK Universities
394
4.75
Just For Fun
Sep 16, 2011
Football Chants
260
3.67
Sports
Sep 16, 2011
The Wombles
230
5.00
Entertainment
Sep 14, 2011
Movies by description
121
4.00
Movies
Sep 16, 2011
Go to Creator's Profile
Score Distribution
Quiz Creator Spotlight
FreddyJnr
Follow
Send a Message
Quizzes Created
-
Created Quiz Play Count
-
More By This Creator
Popular Quizzes Today
1
Find the US States - No Outlines Minefield
2
Find the Countries of Europe - No Outlines Minefield
3
The Countries of the World
4
Find the US States
5
US States
6
Risky Map Clicking: Biggest States A-Z
7
Popular People in 1961
8
Movies - When Are They Set?
More Just For Fun Quizzes
First Name Mega-Blitz 1
Editor's Pick
Trending Quizzes
Risky Map Clicking: Least Populous States A-Z
1-10 Letter G Words
1-10 Letter F Words
Risky Map Clicking: Next State Alphabetically
Risky Map Clicking: Biggest States A-Z
Recently Updated
Leaping Animals
pecheneg
Reality TV Shows (A-Z)
bhenderson79
Rickey Henderson's Hall of Fame Teammates
pecheneg
Champions League XIs: Arsenal
pecheneg
Quick Pick: Celebrities in WWE's Hall of Fame
aduchscher
A-Z Keypad Blitz II
pecheneg
Multiple Oscar Actors
pecheneg
Mystery Phrase Blitz: Oscar 'Best Actors'
pecheneg
F. Scott Fitzgerald Novels
LTH
Pick 3 Villains
ddd62291
Trending Topics
Kpop
Crossword
Disney
Anime
NBA
Harry Potter
Marvel
The Office
NFL
Pokémon
WWE
Soccer
Puzzle
Country
Song
Your Account Isn't Verified!
In order to create a playlist on Sporcle, you need to verify the email address you used during registration. Go to your
Sporcle Settings
to finish the process.
Report this User
Report this user for behavior that violates our
Community Guidelines
.
Details:
Send Report
Go to the Sporcle.com Mobile Site →
Comments